000 00312nam a22001337a 4500
008 170911b xxu||||| |||| 00| 0 eng d
020 _a9780803607682
041 _aeng
080 _a53
100 _a43
101 _aFIZ
245 _aPHYSICIAN ASSIDTANS GUIDE RESEARCH
_cBLESSING.D.J
942 _2udc
_cBK
999 _c27171
_d27171